Bí ẩn của phong thủy : (Nghiên cứu và phê phán thuật xem tướng địa truyền thống) /

Đã lưu trong:
Chi tiết về thư mục
Tác giả chính: Vương Ngọc Đức
Định dạng: Sách
Ngôn ngữ:Vietnamese
Được phát hành: VH-TT 1996
Các nhãn: Thêm thẻ
Không có thẻ, Là người đầu tiên thẻ bản ghi này!
Thư viện lưu trữ: Mạng thư viện Đại học Đà Nẵng
LEADER 00737nam a2200265 4500
001 000028458
003 VƯ-Đ
005 20150403120000.0
008 150403s vm 000 vie
020 |c 0,0000 
040 |a notts 
100 |a Vương Ngọc Đức 
245 |a Bí ẩn của phong thủy : (Nghiên cứu và phê phán thuật xem tướng địa truyền thống) /  |c Vương Ngọc Đức chủ biên ; Trần Đình Hiến dịch. 
260 |b VH-TT  |c 1996 
OWN |a LTT 
999 |a From the UDN01 
TYP |a Monograph 
TYP |a Printed language 
980 |a Mạng thư viện Đại học Đà Nẵng